La Jaula de las Locas = La cage aux folles /

El largometraje número 24 de los 33 realizados por el francés Edouard Molinaro (1928-2013) tiene como copratogonistas a Renato Maduro y Albin Mougeotte, dos hombres maduros abiertamente homosexuales, quienes han criado desde niño a Laurent, el hijo biológico que uno de ellos tuvo con una amiga, y ma...

Popoln opis

Shranjeno v:
Bibliografske podrobnosti
Glavni avtor: Molinaro, Edouard (realización)
Drugi avtorji: Veber, Francis (guión) (guión), Nannuzzi, Armando (fotógrafo) (fotógrafo), Danon, Ambra (vestuario) (vestuario), Tosi, Piero (vestuario) (vestuario), Isnardon, Monique (montaje) (montaje), Isnardon, Robert (montaje) (montaje), Morricone, Ennio (música) (música), Tognazzi, Ugo (actuación) (actuación), Serrault, Michel (actuación) (actuación), Maurier, Claire (actuación) (actuación)
Format: Slide
Jezik:francoščina
Izdano: París, Francia : Italia : Les Productions Artistes Associés ; Da Ma Produzione, 1978, c1978
Teme:
Oznake: Označite
Brez oznak, prvi označite!

MARC

LEADER 00000ngm^a2200000^a^4500
001 000183595
005 20250521000000.0
009 20260310102044.946
037 |a Acervo ITESO - Biblioteca 
041 |a FRA 
082 |a 840.  |b JAU V. 1 
100 |a Molinaro, Edouard  |e (realización) 
240 1 4 |a [La Jaula de las Locas] 
245 1 3 |a La Jaula de las Locas =  |b La cage aux folles /  |c Realización de E. Molinaro. 
264 4 |a París, Francia :  |b Les Productions Artistes Associés ;  |a Italia :  |b Da Ma Produzione,  |c 1978, c1978 
264 2 |a México :  |b Metro-Goldwyn-Mayer [distribución],  |c 2003, c2003 
300 |a 1 DVD región 4  |c (97 min.) 
336 |a imagen móvil bidimensional  |b tdi  |2 rdacontenido 
337 |a video  |b v  |2 rdamedio 
338 |a videodisco  |b vd  |2 rdasoporte 
500 |a Basado en: La cage aux folles, de Jean Poiret 
520 |a El largometraje número 24 de los 33 realizados por el francés Edouard Molinaro (1928-2013) tiene como copratogonistas a Renato Maduro y Albin Mougeotte, dos hombres maduros abiertamente homosexuales, quienes han criado desde niño a Laurent, el hijo biológico que uno de ellos tuvo con una amiga, y manejan el cabaret La Jaula de las Locas en Saint-Tropez, donde Albin actúa en un espectáculo travesti con el nombre de Zazà Napoli. Cuando el ahora joven Laurent comunica a Renato su deseo de contraer matrimonio con la hija de un político muy conservador, inician los enredos al tratar de reintegrar a la madre biológica y mantener al margen al amanerado Albin/Zazà para una divertida cena de petición de mano, que transcurrirá en forma muy diferente a lo planeado. Adaptación de La cage aux folles (1973), comedia de Jean Poiret (1926-92) que se mantuvo en escena durante quince años consecutivos en París, con guión del propio autor, Molinaro, Francis Veber y Marcello Danon y un reparto encabezado por Michel Serrault (1928-97), quien repitió su interpretación teatral como Albin/Zazà, y el italiano Ugo Tognazzi (1922-90). Una temprana representación de la paternidad y las familias homoparentales, es quizás el mayor éxito internacional de la filmografía de Molinaro, con tres candidaturas finalistas al premio Oscar de la Academia Norteamericana de Cine (1979) en las categorías de dirección, guión adaptado y diseño de vestuario. Originó las secuelas La Jaula de las Locas II (1980) y La Jaula de las Locas III/Ellas se casan (1985), realizada respectivament por Molinaro y por Georges Lautner, y la versión norteamericana La Jaula de los Pájaros (1996), dirigida por Mike Nichols. 
546 |a En francés, con subtítulos opcionales: español, inglés, portugués 
546 |a Doblaje opcional: inglés 
586 |a Premio Globo de Oro, de la Asociación de la Prensa Extranjera de Hollywood (37°: 1979): Mejor Película Extranjera (ganadora) 
586 |a Premio Oscar, de la Academia Norteamericana de Cine (52°: 1979): Mejor Dirección (finalista: Edouard Molinaro) 
586 |a Diseño de Indumentaria y Moda: Premio Oscar, de la Academia Norteamericana de Cine (52°: 1979): Mejor Diseño de Vestuario (finalistas: Ambra Danon y Piero Tosi) 
649 |a XX 
650 |a Travestis en el Cine 
650 |a Familia Homoparental en el Cine 
650 |a Familia Homoparental -  |x Tema Principal 
650 |a Farsa 
650 |a Comedias Cinematográficas 
650 |a Cine Gay y Lésbico -  |z Francia 
650 |a Cine Francés -  |y 1970-1979 
650 |a Cine Francés -  |y Siglo XX 
650 |a Teatro Francés -  |x Adaptaciones para Cine 
650 |a Literatura Francesa -  |y Siglo XX -  |x Adaptaciones para Cine 
650 |a Literatura y Cine 
650 |a Travestismo 
650 |a Homosexualidad 
650 |a Roles de Género 
650 |a Identidad de Género 
650 |a Relaciones Familiares 
650 |a Tolerancia e Intolerancia 
650 |a Bares y Centros Nocturnos en el Cine 
650 |a Saint-Tropez, Francia en el Cine 
650 |a Costa Azul, Francia en el Cine 
700 |a Veber, Francis  |e (guión) 
700 |a Nannuzzi, Armando  |e (fotógrafo) 
700 |a Danon, Ambra  |e (vestuario) 
700 |a Tosi, Piero  |e (vestuario) 
700 |a Isnardon, Monique  |e (montaje) 
700 |a Isnardon, Robert  |e (montaje) 
700 |a Morricone, Ennio  |e (música) 
700 |a Tognazzi, Ugo  |e (actuación) 
700 |a Serrault, Michel  |e (actuación) 
700 |a Maurier, Claire  |e (actuación) 
910 |a Fondo General 
920 |a Audiovisuales - DVDs 
940 |a Películas 
905 |a 302 
901 |a 0500088633  |b IT2  |c DVS  |u 20250521 
902 |a https://opac.biblio.iteso.mx/vufind/Record/000183595